[Event "Open Brno 2014"]
[Site "Brno CZE"]
[Date "2014.11.19"]
[Round "6.26"]
[White "Tajovsky, Matej"]
[Black "Feldvabl, Vilem"]
[Result "1-0"]
[WhiteElo "1429"]
[BlackElo "1716"]
[PlyCount "105"]
[EventDate "2014.11.15"]
[EventType "swiss"]
[EventRounds "9"]
[EventCountry "CZE"]
[Source "lmi"]
[SourceDate "2014.11.15"]

1. e4 e5 2. Nf3 Nf6 3. Nxe5 d6 4. Nxf7 Kxf7 5. Nc3 Be6 6. d4 c6 7. Bg5 Be7 8.
Qd2 h6 9. Bh4 Rf8 10. Bd3 Kg8 11. O-O-O Nh5 12. Bg3 Bg5 13. f4 Nxf4 14. Kb1
Nxd3 15. Qxd3 d5 16. h4 Bf4 17. Bxf4 Rxf4 18. g3 Rf7 19. Rdg1 dxe4 20. Nxe4 Bf5
21. g4 Bxe4 22. Qxe4 Qe7 23. Qd3 Nd7 24. g5 h5 25. Qg6 Qe2 26. Qd6 Raf8 27. a4
Rf1+ 28. Rxf1 Rxf1+ 29. Rxf1 Qxf1+ 30. Ka2 Qf7+ 31. b3 Nf8 32. Kb2 Qd5 33. Qb4
b6 34. Ka2 c5 35. dxc5 Qxc5 36. Qd2 Qe7 37. Qd3 g6 38. Kb2 Kh7 39. Qc4 Nd7 40.
Ka2 Nc5 41. Kb2 Qe6 42. Qc3 a5 43. Qd4 Nd7 44. Kc3 Qe5 45. Kc4 Qxd4+ 46. Kxd4
Nc5 47. Kd5 Nb7 48. Kc6 Nd8+ 49. Kxb6 Ne6 50. c4 Nd4 51. c5 Nf5 52. c6 Nxh4 53.
c7 1-0

[Event "Open Brno 2014"]
[Site "Brno CZE"]
[Date "2014.11.19"]
[Round "6.27"]
[White "Snasel, Michal"]
[Black "Schoeppe, Christian"]
[Result "1-0"]
[WhiteElo "1704"]
[BlackElo "1640"]
[PlyCount "51"]
[EventDate "2014.11.15"]
[EventType "swiss"]
[EventRounds "9"]
[EventCountry "CZE"]
[Source "lmi"]
[SourceDate "2014.11.15"]

1. e4 g6 2. d4 Bg7 3. Nc3 d6 4. Bg5 c6 5. Qd2 b5 6. a3 f6 7. Be3 a6 8. Nf3 e6
9. Bd3 h5 10. e5 f5 11. Bg5 Qc7 12. exd6 Qxd6 13. Bf4 Qe7 14. O-O h4 15. d5 Bh6
16. Rad1 Bxf4 17. Qxf4 g5 18. Qd2 f4 19. dxe6 Rh6 20. Ne4 g4 21. Nd6+ Kf8 22.
Nxc8 Qc7 23. e7+ Nxe7 24. Nxe7 Kxe7 25. Nd4 Kf8 26. Rfe1 1-0

[Event "Open Brno 2014"]
[Site "Brno CZE"]
[Date "2014.11.19"]
[Round "6.28"]
[White "Zejda, Karel"]
[Black "Nemec, Jakub"]
[Result "1-0"]
[WhiteElo "1773"]
[BlackElo "1523"]
[PlyCount "81"]
[EventDate "2014.11.15"]
[EventType "swiss"]
[EventRounds "9"]
[EventCountry "CZE"]
[Source "lmi"]
[SourceDate "2014.11.15"]

1. d4 d5 2. Nf3 Bf5 3. Bf4 Nf6 4. h3 e6 5. e3 Be7 6. Nbd2 Nbd7 7. Be2 O-O 8.
Ne5 c5 9. c3 c4 10. g4 Bg6 11. Nxg6 hxg6 12. O-O Nh7 13. Nf3 b5 14. Kg2 a5 15.
Rh1 g5 16. Bg3 Nb6 17. h4 b4 18. Qc2 g6 19. h5 Kg7 20. Be5+ Bf6 21. hxg6 fxg6
22. Rxh7+ Kxh7 23. Rh1+ Kg7 24. Nxg5 Qe8 25. Nh7 Bxe5 26. Nxf8 Qxf8 27. dxe5
Qf7 28. Rh3 Rf8 29. f4 Qb7 30. Bf3 Qd7 31. Qd1 Qe8 32. Qd4 Qb5 33. f5 Qc6 34.
f6+ Kf7 35. Rh7+ Ke8 36. Re7+ Kd8 37. Rg7 Nc8 38. e4 Ke8 39. exd5 Qa4 40. dxe6
Qc2+ 41. Kg3 1-0

[Event "Open Brno 2014"]
[Site "Brno CZE"]
[Date "2014.11.19"]
[Round "6.29"]
[White "Glacner, Karel"]
[Black "Aleksandravicius, Darius"]
[Result "0-1"]
[WhiteElo "1543"]
[BlackElo "1722"]
[PlyCount "108"]
[EventDate "2014.11.15"]
[EventType "swiss"]
[EventRounds "9"]
[EventCountry "CZE"]
[Source "lmi"]
[SourceDate "2014.11.15"]

1. Nf3 Nf6 2. g3 g6 3. Bg2 Bg7 4. d4 O-O 5. O-O d6 6. b3 c6 7. Bb2 Qc7 8. c4
Bg4 9. Nc3 Bxf3 10. Bxf3 Nbd7 11. Qc2 e5 12. d5 c5 13. Bg2 Ne8 14. Ne4 h6 15.
Rab1 f5 16. Nd2 Nef6 17. h3 e4 18. e3 Rae8 19. Kh2 Ne5 20. Bc3 a5 21. a4 b6 22.
Rbd1 Qe7 23. Rg1 Nf7 24. Bh1 h5 25. Rde1 Ne5 26. Re2 Rf7 27. Rd1 Bh6 28. Rde1
g5 29. Bxe5 Qxe5 30. f4 gxf4 31. exf4 Qe7 32. Nf3 Nh7 33. Nh4 Bxf4 34. Nxf5
Rxf5 35. Bxe4 Bxg3+ 36. Kh1 Bxe1 37. Rg2+ Rg5 38. Bxh7+ Kh8 39. Qb2+ Qe5 40.
Qc2 Rxg2 41. Kxg2 Qe2+ 42. Kh1 Qxc2 43. Bxc2 Re3 44. Kg1 h4 45. Kf1 Bc3 46. Bf5
Be5 47. Bc2 Kg7 48. Kf2 Rxh3 49. Kg2 Rc3 50. Bd1 Kf6 51. Kf2 Kg5 52. Kg2 Kf4
53. Kh2 Rc1 54. Be2 Rc2 0-1

[Event "Open Brno 2014"]
[Site "Brno CZE"]
[Date "2014.11.19"]
[Round "6.30"]
[White "Baraniuk, Andrej"]
[Black "Bata, Jiri"]
[Result "1-0"]
[WhiteElo "1681"]
[BlackElo "1589"]
[PlyCount "113"]
[EventDate "2014.11.15"]
[EventType "swiss"]
[EventRounds "9"]
[EventCountry "CZE"]
[Source "lmi"]
[SourceDate "2014.11.15"]

1. Nf3 Nf6 2. g3 d5 3. c4 dxc4 4. Qa4+ c6 5. Qxc4 Nbd7 6. Bg2 Nb6 7. Qc2 Bd7 8.
e4 h6 9. O-O e6 10. d4 Be7 11. Nc3 a6 12. b3 Rc8 13. Bb2 O-O 14. Rac1 Qc7 15.
Rfd1 Rfd8 16. Qe2 Qb8 17. Rc2 Be8 18. Rcd2 Qc7 19. a3 c5 20. d5 exd5 21. exd5
Bd6 22. Ne4 Nxe4 23. Qxe4 Bd7 24. Qc2 c4 25. Qc3 f6 26. Rc1 Qb8 27. Qa5 Qc7 28.
Bd4 Na8 29. Qxc7 Rxc7 30. b4 Rdc8 31. Rdc2 b5 32. Re1 Rb7 33. Nd2 Bf5 34. Rc3
Nb6 35. Ne4 Bxe4 36. Bxe4 Na4 37. Rcc1 Re7 38. Bc2 Rce8 39. Kf1 Rxe1+ 40. Rxe1
Rxe1+ 41. Kxe1 Kf8 42. Bxa4 bxa4 43. Kd2 Ke7 44. Kc3 Kd7 45. Kxc4 Kc7 46. f4
Kd7 47. Bb6 Ke7 48. Bc5 Kd7 49. Kd4 f5 50. Kc4 Kc7 51. Bd4 g6 52. Bg7 h5 53. h4
Kb6 54. Bd4+ Kc7 55. Be5 Kd7 56. Bxd6 Kxd6 57. Kd4 1-0

[Event "Open Brno 2014"]
[Site "Brno CZE"]
[Date "2014.11.20"]
[Round "7.1"]
[White "Ivanov, Mikhail M"]
[Black "Kourousis, Epaminondas"]
[Result "1/2-1/2"]
[WhiteElo "2380"]
[BlackElo "2380"]
[PlyCount "51"]
[EventDate "2014.11.15"]
[EventType "swiss"]
[EventRounds "9"]
[EventCountry "CZE"]
[Source "lmi"]
[SourceDate "2014.11.15"]

1. d4 Nf6 2. c4 e6 3. Nc3 Bb4 4. e3 b6 5. Nge2 c5 6. a3 Ba5 7. Rb1 Na6 8. g3
Bb7 9. d5 b5 10. Bg2 bxc4 11. O-O O-O 12. e4 exd5 13. e5 Ng4 14. Bxd5 Bc6 15.
Bf4 Re8 16. Bxc6 dxc6 17. Qa4 Nxe5 18. Bxe5 Rxe5 19. Rfd1 Qc7 20. Qxc4 Qc8 21.
Nf4 Nc7 22. Ne4 Ne6 23. Nd6 Qf8 24. Nxe6 Rxe6 25. Ne4 Rae8 26. Nxc5 1/2-1/2

[Event "Open Brno 2014"]
[Site "Brno CZE"]
[Date "2014.11.20"]
[Round "7.2"]
[White "Iwanow, Anna"]
[Black "Tsenov, Tsvetoslav"]
[Result "1/2-1/2"]
[WhiteElo "2288"]
[BlackElo "2150"]
[PlyCount "125"]
[EventDate "2014.11.15"]
[EventType "swiss"]
[EventRounds "9"]
[EventCountry "CZE"]
[Source "lmi"]
[SourceDate "2014.11.15"]

1. c4 Nf6 2. g3 e6 3. Bg2 d5 4. Nf3 Be7 5. O-O O-O 6. d3 c5 7. Nbd2 Nc6 8. b3
Re8 9. Bb2 d4 10. a3 e5 11. Qc2 h6 12. e3 Bg4 13. h3 Be6 14. Rae1 Qd7 15. Kh2
Rad8 16. Qd1 Qc7 17. e4 Nh7 18. Bc1 a6 19. Ng1 Bd6 20. h4 g5 21. Bh3 Bxh3 22.
Nxh3 Re6 23. Rh1 Rg6 24. hxg5 hxg5 25. g4 Qd7 26. Nf1 Ne7 27. Ng3 f6 28. Kg2
Rh6 29. f3 Ng6 30. Nf5 Nh4+ 31. Kg3 Nxf5+ 32. gxf5 Bf8 33. Nf2 Rxh1 34. Rxh1
Bg7 35. Ng4 Qe7 36. Qc2 Nf8 37. Bd2 Kf7 38. b4 Nd7 39. b5 Qd6 40. Qc1 Rh8 41.
Rxh8 Bxh8 42. Qh1 Qf8 43. bxa6 bxa6 44. Qb1 Qb8 45. Qxb8 Nxb8 46. Ba5 Nd7 47.
Nf2 Bg7 48. Nd1 Bf8 49. Nb2 Bd6 50. Na4 Kg7 51. Kg4 Kf7 52. Kh5 Kg7 53. Nb6
Nxb6 54. Bxb6 Kf7 55. Bd8 Kg7 56. Kg4 Kf7 57. Kg3 Be7 58. Bb6 Bd6 59. Kf2 Ke7
60. Ke2 Kd7 61. Kd1 Be7 62. Kc2 Kc6 63. Ba5 1/2-1/2

[Event "Open Brno 2014"]
[Site "Brno CZE"]
[Date "2014.11.20"]
[Round "7.3"]
[White "Pokorny, Petr"]
[Black "Shevchenko, Kirill"]
[Result "1/2-1/2"]
[WhiteElo "2138"]
[BlackElo "2141"]
[PlyCount "21"]
[EventDate "2014.11.15"]
[EventType "swiss"]
[EventRounds "9"]
[EventCountry "CZE"]
[Source "lmi"]
[SourceDate "2014.11.15"]

1. d4 Nf6 2. Nf3 g6 3. Bf4 Bg7 4. e3 c5 5. c3 b6 6. Nbd2 Bb7 7. Bd3 d5 8. O-O
O-O 9. h3 Nbd7 10. Qb1 Rc8 11. a4 1/2-1/2

[Event "Open Brno 2014"]
[Site "Brno CZE"]
[Date "2014.11.20"]
[Round "7.4"]
[White "Simantsev, Mikhail"]
[Black "Blahynka, Martin"]
[Result "1-0"]
[WhiteElo "2452"]
[BlackElo "2237"]
[PlyCount "107"]
[EventDate "2014.11.15"]
[EventType "swiss"]
[EventRounds "9"]
[EventCountry "CZE"]
[Source "lmi"]
[SourceDate "2014.11.15"]

1. d4 Nf6 2. c4 b6 3. Nc3 d5 4. cxd5 Nxd5 5. e4 Nxc3 6. bxc3 Bb7 7. Bd3 e6 8.
Nf3 Be7 9. O-O O-O 10. Qe2 c5 11. Rd1 Nd7 12. Bf4 Kh8 13. d5 exd5 14. exd5 Bf6
15. Qc2 g6 16. Rab1 Re8 17. Bb5 c4 18. Nd4 Qc8 19. Nf5 Be7 20. Nxe7 Rxe7 21.
Bd6 Re8 22. Qa4 Rd8 23. Be7 a6 24. Bxc4 b5 25. Qb4 Re8 26. Bb3 f6 27. d6 Kg7
28. Be6 Qc6 29. Bd5 Qb6 30. Bxb7 Qxb7 31. c4 Rab8 32. a4 Rec8 33. cxb5 axb5 34.
axb5 Rc5 35. Qd4 Rxb5 36. Rxb5 Qxb5 37. h3 Qb4 38. Qe3 Qb3 39. Rd3 Qb6 40. Rd4
Qb3 41. Qe2 Qb1+ 42. Kh2 Qf5 43. Re4 Qb5 44. Qe3 Qd5 45. Qf4 Rb7 46. Re3 Qc5
47. Bd8 g5 48. Re7+ Kg8 49. Qe4 Qxd6+ 50. g3 Nf8 51. Qxb7 Qxd8 52. Rg7+ Kh8 53.
Qf7 Qa8 54. Rg8# 1-0

[Event "Open Brno 2014"]
[Site "Brno CZE"]
[Date "2014.11.20"]
[Round "7.5"]
[White "Bartos, Jan"]
[Black "Constantinou, Peter"]
[Result "0-1"]
[WhiteElo "2194"]
[BlackElo "2298"]
[PlyCount "54"]
[EventDate "2014.11.15"]
[EventType "swiss"]
[EventRounds "9"]
[EventCountry "CZE"]
[Source "lmi"]
[SourceDate "2014.11.15"]

1. d4 d5 2. c4 e5 3. dxe5 d4 4. Nf3 Nc6 5. a3 Bg4 6. Nbd2 Qe7 7. h3 Bh5 8. g4
Bg6 9. Bg2 O-O-O 10. O-O h5 11. g5 h4 12. b4 Nxe5 13. Nxe5 Qxe5 14. Nf3 Qe8 15.
Nxd4 Be4 16. f3 Bg6 17. e3 c5 18. bxc5 Bxc5 19. Re1 Ne7 20. Bb2 Nc6 21. Qb3 Rh5
22. Qb5 Rxg5 23. f4 a6 24. Qb3 Rg3 25. Kh2 Bxd4 26. Bxd4 Rxd4 27. exd4 Qxe1 0-1

[Event "Open Brno 2014"]
[Site "Brno CZE"]
[Date "2014.11.20"]
[Round "7.6"]
[White "Kratochvil, Karel"]
[Black "Burnett, Andrew"]
[Result "1/2-1/2"]
[WhiteElo "2148"]
[BlackElo "2269"]
[PlyCount "84"]
[EventDate "2014.11.15"]
[EventType "swiss"]
[EventRounds "9"]
[EventCountry "CZE"]
[Source "lmi"]
[SourceDate "2014.11.15"]

1. d4 Nf6 2. Nf3 c5 3. d5 d6 4. Nc3 a6 5. a4 e5 6. e4 Nbd7 7. Nd2 g6 8. Nc4 Nb6
9. Ne3 Bd7 10. a5 Nc8 11. Nc4 Bg7 12. Be2 O-O 13. Bg5 h6 14. Bxf6 Bxf6 15. Bg4
Bb5 16. Na3 Ne7 17. Be2 Bxe2 18. Qxe2 Qxa5 19. O-O Bg7 20. Rfb1 Qc7 21. Nc4 f5
22. f3 f4 23. Ra2 b5 24. Na5 c4 25. Nc6 b4 26. Nxe7+ Qxe7 27. Nd1 Qc7 28. b3
Rfc8 29. bxc4 Qc5+ 30. Kf1 Bf6 31. Nb2 Bd8 32. Qf2 Qxf2+ 33. Kxf2 Bb6+ 34. Ke2
a5 35. c3 bxc3 36. Na4 Bd4 37. Kd3 Rab8 38. Rb5 Rxb5 39. cxb5 Rb8 40. Nxc3 Bxc3
41. Kxc3 Rxb5 42. Rb2 Rc5+ 1/2-1/2

[Event "Open Brno 2014"]
[Site "Brno CZE"]
[Date "2014.11.20"]
[Round "7.7"]
[White "Cherednichenko, Elena"]
[Black "Kratochvil, Josef"]
[Result "1/2-1/2"]
[WhiteElo "2174"]
[BlackElo "2236"]
[PlyCount "29"]
[EventDate "2014.11.15"]
[EventType "swiss"]
[EventRounds "9"]
[EventCountry "CZE"]
[Source "lmi"]
[SourceDate "2014.11.15"]

1. d4 g6 2. Nf3 Bg7 3. Nc3 c5 4. e3 Nf6 5. Be2 O-O 6. O-O d5 7. b3 Nc6 8. Bb2
cxd4 9. exd4 Bf5 10. Ne5 Rc8 11. Nxc6 Rxc6 12. Bb5 Rc7 13. Bd3 a6 14. Bxf5 gxf5
15. f3 1/2-1/2

[Event "Open Brno 2014"]
[Site "Brno CZE"]
[Date "2014.11.20"]
[Round "7.8"]
[White "Kulon, Klaudia"]
[Black "Popper, Tomas"]
[Result "1/2-1/2"]
[WhiteElo "2374"]
[BlackElo "1961"]
[PlyCount "95"]
[EventDate "2014.11.15"]
[EventType "swiss"]
[EventRounds "9"]
[EventCountry "CZE"]
[Source "lmi"]
[SourceDate "2014.11.15"]

1. c4 Nf6 2. g3 e6 3. Bg2 d5 4. Nf3 Be7 5. O-O O-O 6. d4 Nbd7 7. c5 Ne4 8. b4
c6 9. Bb2 a5 10. a3 b6 11. Nfd2 f5 12. f3 Nxd2 13. Nxd2 b5 14. bxa5 Rxa5 15. e4
Bf6 16. Nb3 Ra4 17. exf5 exf5 18. Rb1 Re8 19. Qd2 Nf8 20. Na1 Qa5 21. Qxa5 Rxa5
22. Kf2 Ra4 23. Rfd1 f4 24. g4 b4 25. axb4 Rxb4 26. Bf1 Ne6 27. Nc2 Rb3 28. Ba1
Rxb1 29. Rxb1 Nd8 30. Nb4 Bh4+ 31. Kg2 Re1 32. Rxe1 Bxe1 33. Nd3 Bd2 34. Ne5
Be3 35. Bd3 g6 36. h4 Bb7 37. h5 gxh5 38. Bf5 hxg4 39. fxg4 Kg7 40. Bd7 Kf6 41.
Bc3 Ke7 42. Bf5 Ne6 43. Bxe6 Kxe6 44. Kf3 Kf6 45. Bb2 Kg5 46. Nf7+ Kf6 47. Ne5
Bd2 48. Ke2 1/2-1/2

[Event "Open Brno 2014"]
[Site "Brno CZE"]
[Date "2014.11.20"]
[Round "7.9"]
[White "Semenova, Elena"]
[Black "Borisek, Anze"]
[Result "1-0"]
[WhiteElo "2227"]
[BlackElo "1934"]
[PlyCount "75"]
[EventDate "2014.11.15"]
[EventType "swiss"]
[EventRounds "9"]
[EventCountry "CZE"]
[Source "lmi"]
[SourceDate "2014.11.15"]

1. e4 c6 2. d4 d5 3. Nd2 dxe4 4. Nxe4 Nd7 5. Ng5 Ngf6 6. Bc4 e6 7. Qe2 Nb6 8.
Bd3 h6 9. N5f3 c5 10. Be3 Qc7 11. Ne5 Nbd7 12. Ngf3 Bd6 13. O-O-O Nd5 14. Bb5
Nxe3 15. Qxe3 O-O 16. Bxd7 Bxd7 17. Kb1 Bb5 18. c4 cxd4 19. Rxd4 Bxe5 20. Nxe5
Bc6 21. Rg4 Kh8 22. Qg3 Qd8 23. Rxg7 Qf6 24. Rg4 Rad8 25. Re1 Rd2 26. Rf4 Qd8
27. Qc3 Kh7 28. Nxf7 Rd1+ 29. Kc2 Rxe1 30. Nxd8 Rxf4 31. Qxe1 Rxc4+ 32. Kb1
Be4+ 33. Ka1 Bf5 34. b3 Re4 35. Qd2 b5 36. f3 Re5 37. Qd7+ Kg8 38. Qf7+ 1-0

[Event "Open Brno 2014"]
[Site "Brno CZE"]
[Date "2014.11.20"]
[Round "7.10"]
[White "Gentsch, Peter"]
[Black "Rehurek, Lukas"]
[Result "0-1"]
[WhiteElo "1956"]
[BlackElo "2188"]
[PlyCount "92"]
[EventDate "2014.11.15"]
[EventType "swiss"]
[EventRounds "9"]
[EventCountry "CZE"]
[Source "lmi"]
[SourceDate "2014.11.15"]

1. d4 Nf6 2. c4 c5 3. d5 e6 4. Nc3 exd5 5. cxd5 d6 6. Nf3 g6 7. g3 Bg7 8. Bg2
O-O 9. O-O Na6 10. Nd2 Nc7 11. a4 b6 12. Qc2 Re8 13. Nc4 Ba6 14. Ne3 Rb8 15.
Rd1 Bb7 16. Nc4 Ba8 17. Bf4 Bf8 18. e4 Nh5 19. Be3 a6 20. h3 b5 21. axb5 axb5
22. Na5 b4 23. Ne2 Qd7 24. Nc4 Bb7 25. Ra5 Ba6 26. Rda1 b3 27. Qc1 Rb4 28. Rxa6
Nxa6 29. Na5 Nc7 30. Nc6 Rb7 31. Nc3 Nb5 32. Nxb5 Rxb5 33. Qc4 Rb7 34. Bd2 Bg7
35. Bc3 Qc7 36. Ra3 Qb6 37. Na5 Qb5 38. Qxb5 Rxb5 39. Rxb3 Rxb3 40. Nxb3 Bxc3
41. bxc3 Ra8 42. Nd2 Ra4 43. Bf1 Kf8 44. Bb5 Ra1+ 45. Kg2 Ke7 46. Nf1 Nf6 0-1

[Event "Open Brno 2014"]
[Site "Brno CZE"]
[Date "2014.11.20"]
[Round "7.12"]
[White "Stanek, Stanislav"]
[Black "Dirgas, Josef"]
[Result "0-1"]
[WhiteElo "1938"]
[BlackElo "2078"]
[PlyCount "168"]
[EventDate "2014.11.15"]
[EventType "swiss"]
[EventRounds "9"]
[EventCountry "CZE"]
[Source "lmi"]
[SourceDate "2014.11.15"]

1. d4 d5 2. Nf3 Nf6 3. Bf4 e6 4. c3 Bd6 5. Bg3 O-O 6. e3 b6 7. Bd3 a5 8. a4 Ba6
9. Bxa6 Nxa6 10. Be5 Ne4 11. Nbd2 Nxd2 12. Qxd2 f6 13. Bg3 c5 14. O-O Bxg3 15.
hxg3 c4 16. Kh2 Qd7 17. Rh1 b5 18. Qc2 b4 19. Kg1 g6 20. Rh3 bxc3 21. bxc3 Rab8
22. Kh2 Qb7 23. Ra2 Qb1 24. Qd2 Qd3 25. Qc1 Rb3 26. Rc2 Rfb8 27. Nd2 R3b6 28.
g4 Qe2 29. Rf3 Kg7 30. Ne4 Qd3 31. Nxf6 Rb1 32. Qa3 Nb4 33. Rc1 Rb3 34. Qxb3
cxb3 35. cxb4 Qc2 36. Rh1 b2 37. Kg3 h6 38. Nd7 b1=Q 39. Rxb1 Qxb1 40. Nxb8
Qxb4 41. Nc6 Qxa4 42. Ne5 Qe8 43. Nd3 a4 44. Nc5 a3 45. e4 a2 46. Ra3 Qb8+ 47.
e5 Qb2 48. Ra7+ Kg8 49. Nxe6 a1=Q 50. Rg7+ Kh8 51. Rxg6 Qc3+ 52. f3 Qae1+ 53.
Kf4 Qcd2+ 54. Kf5 Qd3+ 55. Kf6 Qh4+ 56. Kf7 Qxg6+ 57. Kxg6 Qe7 58. Nc5 Qg5+ 59.
Kf7 Qf4+ 60. Ke7 Qxd4 61. Kd6 Qc4 62. e6 Kg7 63. Nd7 d4 64. e7 Qf7 65. Ne5 Qf6+
66. Kd5 Qxe7 67. Kxd4 Qd6+ 68. Ke4 Kf6 69. f4 Qb4+ 70. Kf3 Qc3+ 71. Kf2 Ke6 72.
Nf3 Kd5 73. Kg3 Ke4 74. g5 h5 75. g6 Kf5 76. g7 Qxg7+ 77. Ng5 Qh6 78. Nf3 Qxf4+
79. Kh3 Qg4+ 80. Kh2 Kf4 81. Ng1 Ke3 82. Nh3 Ke2 83. Ng1+ Kf1 84. g3 h4 0-1

[Event "Open Brno 2014"]
[Site "Brno CZE"]
[Date "2014.11.20"]
[Round "7.13"]
[White "Vesely, Jaromir"]
[Black "Sernecki, Franciszek"]
[Result "0-1"]
[WhiteElo "2008"]
[BlackElo "1903"]
[PlyCount "90"]
[EventDate "2014.11.15"]
[EventType "swiss"]
[EventRounds "9"]
[EventCountry "CZE"]
[Source "lmi"]
[SourceDate "2014.11.15"]

1. d4 d5 2. c4 e6 3. Nc3 c5 4. e3 Nf6 5. Nf3 Nc6 6. Be2 dxc4 7. Bxc4 a6 8. a3
b5 9. Bb3 Be7 10. O-O O-O 11. Bc2 Bb7 12. dxc5 Bxc5 13. b4 Bb6 14. Bb2 Qe7 15.
Qe2 Rfd8 16. Ne4 Nxe4 17. Bxe4 Rac8 18. h4 h6 19. Rad1 Na7 20. Bb1 Rxd1 21.
Rxd1 Rd8 22. h5 Rd5 23. Qc2 f5 24. Ba2 Rxd1+ 25. Qxd1 Nc6 26. Qd3 Kh8 27. g4
Nxb4 28. axb4 Bxf3 29. Qc3 Qg5 30. Qe5 Qxg4+ 31. Qg3 Qxg3+ 32. fxg3 Bxe3+ 33.
Kh2 Bd5 34. Bb1 Bd2 35. Ba3 Kg8 36. Bd3 Bf3 37. Bf1 e5 38. Bb2 e4 39. Be5 Bxb4
40. Bf4 Bc5 41. Bh3 Bg4 42. Bxg4 fxg4 43. Kg2 b4 44. Be5 b3 45. Bb2 a5 0-1

[Event "Open Brno 2014"]
[Site "Brno CZE"]
[Date "2014.11.20"]
[Round "7.14"]
[White "Spodny, Josef"]
[Black "Zemlicka, Vit"]
[Result "1/2-1/2"]
[WhiteElo "1981"]
[BlackElo "1899"]
[PlyCount "29"]
[EventDate "2014.11.15"]
[EventType "swiss"]
[EventRounds "9"]
[EventCountry "CZE"]
[Source "lmi"]
[SourceDate "2014.11.15"]

1. d4 Nf6 2. Nf3 g6 3. Bg5 Bg7 4. Nbd2 O-O 5. c3 d6 6. e4 c5 7. Be2 h6 8. Bxf6
Bxf6 9. O-O cxd4 10. Nxd4 Nc6 11. N2f3 Bd7 12. Qd2 Bg7 13. Rfe1 Rc8 14. Nc2 a6
15. Ne3 1/2-1/2

[Event "Open Brno 2014"]
[Site "Brno CZE"]
[Date "2014.11.20"]
[Round "7.15"]
[White "Rusek, Walter"]
[Black "Healy, Tom"]
[Result "1/2-1/2"]
[WhiteElo "1798"]
[BlackElo "1974"]
[PlyCount "33"]
[EventDate "2014.11.15"]
[EventType "swiss"]
[EventRounds "9"]
[EventCountry "CZE"]
[Source "lmi"]
[SourceDate "2014.11.15"]

1. d4 Nf6 2. c4 d6 3. Nc3 g6 4. e4 Bg7 5. Nf3 O-O 6. Be2 e5 7. dxe5 dxe5 8.
Qxd8 Rxd8 9. Bg5 Re8 10. Nd5 Nxd5 11. cxd5 f6 12. Be3 Bf8 13. O-O Bd6 14. Bd2
b6 15. Rac1 Ba6 16. Bc4 Kf8 17. a3 1/2-1/2

[Event "Open Brno 2014"]
[Site "Brno CZE"]
[Date "2014.11.20"]
[Round "7.16"]
[White "Davis, Lee"]
[Black "Zeman, Radek"]
[Result "1/2-1/2"]
[WhiteElo "1971"]
[BlackElo "1893"]
[PlyCount "61"]
[EventDate "2014.11.15"]
[EventType "swiss"]
[EventRounds "9"]
[EventCountry "CZE"]
[Source "lmi"]
[SourceDate "2014.11.15"]

1. d4 Nf6 2. g3 d5 3. Bg2 e6 4. Nf3 Be7 5. O-O O-O 6. c4 c6 7. b3 Nbd7 8. Bb2
b6 9. Nbd2 Bb7 10. Ne5 Qc7 11. cxd5 Nxe5 12. dxe5 Nxd5 13. a3 f5 14. e4 fxe4
15. Bxe4 Bg5 16. Qh5 Bh6 17. Nc4 Ba6 18. Rfd1 Qe7 19. Nd6 Qg5 20. Qxg5 Bxg5 21.
f4 Be7 22. Rac1 Bxd6 23. exd6 Rac8 24. d7 Rc7 25. Bxd5 exd5 26. Be5 Rxd7 27.
Rxc6 Rc8 28. Rxc8+ Bxc8 29. Kf2 Kf7 30. Ke3 Ke6 31. Rc1 1/2-1/2

[Event "Open Brno 2014"]
[Site "Brno CZE"]
[Date "2014.11.20"]
[Round "7.17"]
[White "Kopecek, Ivan"]
[Black "Hrdlicka, Vladan"]
[Result "0-1"]
[WhiteElo "1938"]
[BlackElo "1797"]
[PlyCount "66"]
[EventDate "2014.11.15"]
[EventType "swiss"]
[EventRounds "9"]
[EventCountry "CZE"]
[Source "lmi"]
[SourceDate "2014.11.15"]

1. d4 Nf6 2. c4 c5 3. d5 b5 4. f3 d6 5. e4 bxc4 6. Nc3 Nbd7 7. f4 Nb6 8. Nf3 g6
9. Be2 Bg7 10. O-O O-O 11. Qc2 a5 12. a4 Ba6 13. h3 Qd7 14. Be3 Rfb8 15. Rad1
Nh5 16. Kh2 Bh6 17. Ng5 Ng7 18. g4 Ne8 19. Nf3 Bg7 20. f5 Bxc3 21. fxg6 hxg6
22. bxc3 Qxa4 23. Qd2 Nf6 24. Ng5 Nbd7 25. Qe1 Rb2 26. Rd2 Rab8 27. Qh4 Rxd2
28. Bxd2 Rf8 29. Qh6 Qc2 30. Nf3 Qxe4 31. Bd1 Qxd5 32. Bc2 Ne5 33. Nh4 Nfxg4+
0-1

[Event "Open Brno 2014"]
[Site "Brno CZE"]
[Date "2014.11.20"]
[Round "7.18"]
[White "Doskar, Miloslav"]
[Black "Gurtovoi, Borys"]
[Result "1/2-1/2"]
[WhiteElo "1725"]
[BlackElo "1919"]
[PlyCount "115"]
[EventDate "2014.11.15"]
[EventType "swiss"]
[EventRounds "9"]
[EventCountry "CZE"]
[Source "lmi"]
[SourceDate "2014.11.15"]

1. d4 d5 2. c4 c6 3. Nf3 Nf6 4. e3 e6 5. Nc3 Bd6 6. Bd3 Nbd7 7. O-O dxc4 8.
Bxc4 b5 9. Bd3 Bb7 10. e4 Be7 11. e5 Ng4 12. h3 h5 13. Be4 b4 14. Ne2 Nh6 15.
Bd2 Nb6 16. b3 Nd5 17. Nf4 c5 18. Bxd5 Bxd5 19. Nxd5 Qxd5 20. dxc5 Bxc5 21. Qe1
a5 22. Rd1 Qc6 23. Be3 Bxe3 24. Qxe3 Nf5 25. Qe2 Qa6 26. Qxa6 Rxa6 27. Rc1 O-O
28. Rfd1 Ne7 29. Ng5 Nd5 30. Ne4 a4 31. Nc5 Ra5 32. Nxa4 Rb8 33. g3 g5 34. Kg2
Kg7 35. Kf3 Kg6 36. Ke4 f5+ 37. exf6 Nxf6+ 38. Kf3 Rbb5 39. Rc4 Nd5 40. Rc6 Kf5
41. Re1 g4+ 42. hxg4+ hxg4+ 43. Kg2 e5 44. Rh1 Ke4 45. Rc4+ Kf5 46. Rh8 Nc3 47.
Rf8+ Ke6 48. Nxc3 bxc3 49. Rxc3 Rxa2 50. Rg8 Ra3 51. Rxg4 Raxb3 52. Rxb3 Rxb3
53. Ra4 Kf5 54. g4+ Kg5 55. f3 Rc3 56. Kg3 Rb3 57. Ra8 Kg6 58. Ra4 1/2-1/2

[Event "Open Brno 2014"]
[Site "Brno CZE"]
[Date "2014.11.20"]
[Round "7.19"]
[White "Moes, Waldemar"]
[Black "Glozar, Petr"]
[Result "1-0"]
[WhiteElo "2054"]
[BlackElo "1665"]
[PlyCount "77"]
[EventDate "2014.11.15"]
[EventType "swiss"]
[EventRounds "9"]
[EventCountry "CZE"]
[Source "lmi"]
[SourceDate "2014.11.15"]

1. e4 c5 2. Nf3 Nc6 3. d4 cxd4 4. Nxd4 g6 5. Nc3 Bg7 6. Be3 Nf6 7. Bc4 Qa5 8.
O-O O-O 9. Bb3 d6 10. h3 Bd7 11. f4 Qh5 12. Qxh5 Nxh5 13. Rad1 Nxd4 14. Bxd4
Bxd4+ 15. Rxd4 Bc6 16. Nd5 Bxd5 17. exd5 Ng3 18. Re1 Rac8 19. Kf2 Nf5 20. Rde4
Rc7 21. g4 Ng7 22. Rxe7 Rfc8 23. R1e4 Kf8 24. Rxc7 Rxc7 25. Rc4 Rxc4 26. Bxc4
f5 27. Bd3 Ne8 28. Ke3 Nc7 29. Kd4 b6 30. c4 a5 31. a3 Na6 32. Kc3 Ke7 33. b4
axb4+ 34. axb4 Nc7 35. Bc2 b5 36. Kd4 Kd7 37. h4 Ke7 38. Bd3 bxc4 39. Kxc4 1-0

[Event "Open Brno 2014"]
[Site "Brno CZE"]
[Date "2014.11.20"]
[Round "7.20"]
[White "Vucko, Maja"]
[Black "Frej, Zofia"]
[Result "0-1"]
[WhiteElo "1923"]
[BlackElo "1713"]
[PlyCount "70"]
[EventDate "2014.11.15"]
[EventType "swiss"]
[EventRounds "9"]
[EventCountry "CZE"]
[Source "lmi"]
[SourceDate "2014.11.15"]

1. d4 d5 2. Nf3 e6 3. e3 c5 4. Be2 Nf6 5. O-O Nc6 6. b3 cxd4 7. exd4 h6 8. Bb2
Bd6 9. Re1 O-O 10. Nbd2 Qc7 11. Nf1 Ne4 12. a3 b6 13. Bd3 f5 14. c4 Ne7 15. Rc1
Qb7 16. Qe2 Ng6 17. Qd1 Qf7 18. cxd5 exd5 19. Qc2 Bd7 20. Bxe4 fxe4 21. Ne5
Bxe5 22. dxe5 Nf4 23. Re3 Nd3 24. Rb1 Qxf2+ 25. Qxf2 Nxf2 26. Rg3 Be6 27. Bc1
Kh7 28. Be3 Nd3 29. Bd4 Rac8 30. Re3 Rc2 31. Rxd3 exd3 32. Rd1 Bg4 33. Ra1 d2
34. Nxd2 Rxd2 35. Bc3 Rd1+ 0-1